The negotiation fielbook : Simple strategies to help you negotiate everything

Guardat en:
Dades bibliogràfiques
Autor principal: Lum, Grande
Format: Llibre
Idioma:Undetermined
Publicat: New York McGraw-Hill 2005
Matèries:
Etiquetes: Afegir etiqueta
Sense etiquetes, Sigues el primer a etiquetar aquest registre!
Thư viện lưu trữ: Trung tâm Học liệu Trường Đại học Cần Thơ
LEADER 00566nam a2200205Ia 4500
001 CTU_93950
008 210402s9999 xx 000 0 und d
020 |c 14.20 
082 |a 658.4 
082 |b L957 
100 |a Lum, Grande 
245 4 |a The negotiation fielbook : 
245 0 |b Simple strategies to help you negotiate everything 
245 0 |c Grande Lum 
260 |a New York 
260 |b McGraw-Hill 
260 |c 2005 
650 |a Negotiation in business,Negotiation 
904 |i Tuyến 
980 |a Trung tâm Học liệu Trường Đại học Cần Thơ